Statistics for Wisconsin Counties

Click here to take the quiz!

General Stats

  • This quiz has been taken 31 times
  • The average score is 29 of 72

Answer Stats

Answer% Correct
Milwaukee
83%
Green
78%
Jefferson
67%
Brown
61%
Eau Claire
61%
Kenosha
61%
Polk
61%
Racine
61%
Adams
56%
Dane
56%
Door
56%
Lincoln
56%
Monroe
56%
Washington
56%
Chippewa
50%
Grant
50%
Jackson
50%
La Crosse
50%
Sheboygan
50%
Waukesha
50%
Bayfield
44%
Burnett
44%
St. Croix
44%
Washburn
44%
Winnebago
44%
Ashland
39%
Clark
39%
Columbia
39%
Douglas
39%
Iron
39%
Marathon
39%
Menominee
39%
Oneida
39%
Outagamie
39%
Portage
39%
Rock
39%
Taylor
39%
Waupaca
39%
Barron
33%
Buffalo
33%
Calumet
33%
Dodge
33%
Florence
33%
Fond du Lac
33%
Kewaunee
33%
Langlade
33%
Manitowoc
33%
Marinette
33%
Marquette
33%
Oconto
33%
Ozaukee
33%
Pepin
33%
Price
33%
Richland
33%
Sawyer
33%
Trempealeau
33%
Walworth
33%
Dunn
28%
Forest
28%
Green Lake
28%
Iowa
28%
Juneau
28%
Lafayette
28%
Pierce
28%
Rusk
28%
Sauk
28%
Shawano
28%
Vernon
28%
Vilas
28%
Waushara
28%
Wood
28%
Crawford
22%

Score Distribution

Percentile by Number Answered

Percent of People with Each Score

Your Score History

You have not taken this quiz